000 00668nam a2200205Ia 4500
001 12389
003 GE_BSU
008 181216s||||||||xx |||||||||||||| ||und||
040 _cGE_BSU
080 _a552.14
245 _aДиагенез и катагенез осадочных образовании: науки о земле.
245 _bФундаментальные труды
245 _cРед.М.Е.Яковенко
260 _aМосква
260 _bМир
260 _c1971
300 _a460стр.27см.
653 _aДиагенез и катагенез осадочных образовании: науки о земле
942 _cBK
999 _c45563
_d45563